MARC details
| 000 -LEADER |
| fixed length control field |
00838nam a2200253#a 4500 |
| 001 - CONTROL NUMBER |
| control field |
02043 |
| 003 - CONTROL NUMBER IDENTIFIER |
| control field |
HDC |
| 007 - PHYSICAL DESCRIPTION FIXED FIELD--GENERAL INFORMATION |
| fixed length control field |
ta |
| 008 - FIXED-LENGTH DATA ELEMENTS--GENERAL INFORMATION |
| fixed length control field |
230623s2011 xx 000 0 eng d |
| 040 ## - CATALOGING SOURCE |
| Original cataloging agency |
HDC |
| 050 ## - LIBRARY OF CONGRESS CALL NUMBER |
| Classification number |
smecorp HD3616 |
| Item number |
.P45 2011 |
| 110 ## - MAIN ENTRY--CORPORATE NAME |
| Corporate name or jurisdiction name as entry element |
ME Corporation Malaysia. |
| 245 #0 - TITLE STATEMENT |
| Title |
Pelan tindakan bersepadu PKS 2011 = |
| Remainder of title |
SME integrated plan of action 2011 / |
| Statement of responsibility, etc. |
SME Corporation Malaysia. |
| 246 ## - VARYING FORM OF TITLE |
| Title proper/short title |
SME integrated plan of action 2011. |
| 264 ## - PRODUCTION, PUBLICATION, DISTRIBUTION, MANUFACTURE, AND COPYRIGHT NOTICE |
| Place of production, publication, distribution, manufacture |
Kuala Lumpur : |
| Name of producer, publisher, distributor, manufacturer |
Majlis Pembangunan PKS Kebangsaan, |
| Date of production, publication, distribution, manufacture, or copyright notice |
2011. |
| 300 ## - PHYSICAL DESCRIPTION |
| Extent |
599p. |
| Other physical details |
ill. ; |
| Dimensions |
29cm. |
| 650 ## - SUBJECT ADDED ENTRY--TOPICAL TERM |
| Topical term or geographic name entry element |
Industrial policy |
| Geographic subdivision |
Malaysia |
| Chronological subdivision |
2006-2010. |
| 650 ## - SUBJECT ADDED ENTRY--TOPICAL TERM |
| Topical term or geographic name entry element |
Industries |
| Geographic subdivision |
Malaysia |
| General subdivision |
Planning |
| Chronological subdivision |
2006-2010. |
| 650 ## - SUBJECT ADDED ENTRY--TOPICAL TERM |
| Topical term or geographic name entry element |
ndustrial development projects |
| Geographic subdivision |
Malaysia |
| General subdivision |
Planning |
| Chronological subdivision |
2006-2010. |
| 942 ## - ADDED ENTRY ELEMENTS (KOHA) |
| Source of classification or shelving scheme |
Library of Congress Classification |
| 942 ## - ADDED ENTRY ELEMENTS (KOHA) |
| Koha item type |
Book |
| 942 ## - ADDED ENTRY ELEMENTS (KOHA) |
| Call number prefix |
smecorp HD3616 |
| 942 ## - ADDED ENTRY ELEMENTS (KOHA) |
| Call number suffix |
.P45 2011 |